Top 20 La Liga Goal Scoring Seasons in the 2000's - Statistics

General Stats
  • This quiz has been taken 31 times
  • The average score is 18 of 20
Answer Stats
Hint Answer % Correct
48 (2014-15) Cristiano Ronaldo
100%
46 (2011-12) Cristiano Ronaldo
100%
40 (2010-11) Cristiano Ronaldo
100%
35 (2015-16) Cristiano Ronaldo
100%
34 (2012-13) Cristiano Ronaldo
100%
31 (2013-14) Cristiano Ronaldo
100%
50 (2011-12) Lionel Messi
100%
46 (2012-13) Lionel Messi
100%
43 (2014-15) Lionel Messi
100%
37 (2016-17) Lionel Messi
100%
36 (2018-19) Lionel Messi
100%
34 (2017-18) Lionel Messi
100%
34 (2009-10) Lionel Messi
100%
31 (2010-11) Lionel Messi
100%
30 (2020-21) Lionel Messi
100%
40 (2015-16) Luis Suarez
96%
31* (2024-25) Kylian Mbappe
82%
30 (2008-09) Samuel Eto'o
71%
32 (2008-09) Diego Forlan
50%
29 (2003-04) Roy Makaay
29%
No matching quizzes found
Score Distribution
Percent of People with Each Score
Percentile by Number Answered
Your Score History
You have not taken this quiz